Երկեր / (Record no. 7084)
[ view plain ]
| 000 -LEADER | |
|---|---|
| fixed length control field | 01076nam a2200265 a 4500 |
| 001 - CONTROL NUMBER | |
| control field | 000020037 |
| 003 - CONTROL NUMBER IDENTIFIER | |
| control field | AM-YEHGA |
| 005 - DATE AND TIME OF LATEST TRANSACTION | |
| control field | 20250618070816.0 |
| 008 - FIXED-LENGTH DATA ELEMENTS--GENERAL INFORMATION | |
| fixed length control field | 980615s1982 ai |||||||||||arm d |
| 040 ## - CATALOGING SOURCE | |
| Original cataloging agency | AM-YeHGA |
| 041 0# - LANGUAGE CODE | |
| Language code of text/sound track or separate title | arm |
| 090 ## - LOCALLY ASSIGNED LC-TYPE CALL NUMBER (OCLC); LOCAL CALL NUMBER (RLIN) | |
| -- | 7128 |
| 100 1# - MAIN ENTRY--PERSONAL NAME | |
| Personal name | Հակոբյան, Հակոբ Մնացականի, |
| Dates associated with a name | 1866-1937 |
| 9 (RLIN) | 1222 |
| 245 10 - TITLE STATEMENT | |
| Title | Երկեր / |
| Statement of responsibility, etc. | Հ. Հակոբյան; Երկեր / Շ. Կուրղինյան; Պատմվածքներ / Արազի; Կազմ.՝ Ռ.Բ. Բաբաջանյան, Ջ.Ա. Պետրոսյան. |
| 260 ## - PUBLICATION, DISTRIBUTION, ETC. | |
| Place of publication, distribution, etc. | Երևան : |
| Name of publisher, distributor, etc. | Սովետական գրող, |
| Date of publication, distribution, etc. | 1982. |
| 300 ## - PHYSICAL DESCRIPTION | |
| Extent | 568 էջ ; |
| Dimensions | 22 սմ. |
| 440 #0 - SERIES STATEMENT/ADDED ENTRY--TITLE | |
| Title | Հայ դասականների գրադարան |
| 9 (RLIN) | 5121 |
| 650 14 - SUBJECT ADDED ENTRY--TOPICAL TERM | |
| Topical term or geographic name entry element | Հայ գրականություն |
| 700 1# - ADDED ENTRY--PERSONAL NAME | |
| Personal name | Կուրղինյան, Շուշանիկ Հարությունի, |
| Dates associated with a name | 1876-1927 |
| 9 (RLIN) | 3841 |
| 700 1# - ADDED ENTRY--PERSONAL NAME | |
| Personal name | Արազի, Մովսես, |
| Dates associated with a name | 1878-1964 |
| 9 (RLIN) | 972 |
| 700 1# - ADDED ENTRY--PERSONAL NAME | |
| Personal name | Բաբաջանյան, Ռ.Բ. |
| Relator term | կազմ. |
| Relationship | com |
| 700 1# - ADDED ENTRY--PERSONAL NAME | |
| Personal name | Պետրոսյան, Ջ.Ա. |
| Relator term | կազմ. |
| Relationship | com |
| 740 02 - ADDED ENTRY--UNCONTROLLED RELATED/ANALYTICAL TITLE | |
| Uncontrolled related/analytical title | Պատմվածքներ |
| 942 ## - ADDED ENTRY ELEMENTS (KOHA) | |
| Koha item type | Գրքեր / Books |
| Withdrawn status | Lost status | Source of classification or shelving scheme | Damaged status | Not for loan | Collection | Home library | Current library | Date acquired | Total checkouts | Full call number | Barcode | Date last seen | Price effective from | Koha item type | Public note |
|---|---|---|---|---|---|---|---|---|---|---|---|---|---|---|---|
| Universal Decimal Classification | General | Fundamental Scientific Library | Fundamental Scientific Library | 21/12/2016 | AII/68364 | 220068364 | 21/12/2016 | 21/12/2016 | Գրքեր / Books | 30 Days Loan | |||||
| Universal Decimal Classification | General | Fundamental Scientific Library | Fundamental Scientific Library | 21/12/2016 | AII/68365 | 220068365 | 21/12/2016 | 21/12/2016 | Գրքեր / Books | 30 Days Loan | |||||
| Universal Decimal Classification | General | Fundamental Scientific Library | Fundamental Scientific Library | 21/12/2016 | AII/68366 | 220068366 | 21/12/2016 | 21/12/2016 | Գրքեր / Books | 30 Days Loan | |||||
| Universal Decimal Classification | General | Fundamental Scientific Library | Fundamental Scientific Library | 21/12/2016 | AII/68367 | 220068367 | 21/12/2016 | 21/12/2016 | Գրքեր / Books | 30 Days Loan |
ՀՀ Գիտությունների ազգային ակադեմիայի հիմնարար գիտական գրադարան = Fundamental Scientific Library of NAS RA
All site content, except where otherwise noted, is licensed under a